Lack of ideas for long-term recovery (Record no. 81232)
[ view plain ]
| 000 -LEADER | |
|---|---|
| fixed length control field | 01044cab a22002295a 4500 |
| 001 - CONTROL NUMBER | |
| control field | L146664 |
| 008 - FIXED-LENGTH DATA ELEMENTS--GENERAL INFORMATION | |
| fixed length control field | 090212e20090207xxk f 000 0 eng d |
| 035 ## - SYSTEM CONTROL NUMBER | |
| System control number | (Sirsi) u146664 |
| 041 0# - LANGUAGE CODE | |
| Language code of text/sound track or separate title | eng |
| 100 1# - MAIN ENTRY--PERSONAL NAME | |
| Personal name | Booth, Kay |
| 245 00 - TITLE STATEMENT | |
| Title | Lack of ideas for long-term recovery |
| 260 ## - PUBLICATION, DISTRIBUTION, ETC. | |
| Date of publication, distribution, etc. | 2009 |
| 490 ## - SERIES STATEMENT | |
| Series statement | Estates Gazette |
| Volume/sequential designation | (0905) 7 February 2009, 101(1) |
| 520 ## - SUMMARY, ETC. | |
| Summary, etc. | Article looks at attempts by the UK government to recapitalise the banking industry and suggests that the £37bn bailout should have been dependent upon the acceptance of minimum lending criteria by the banks involved. States that real estate is a fundamental asset class in the UK and as such, that the government's current policies for recapitalisation are leading to the devaluing of large quantities of property and land banks. |
| 590 ## - LOCAL NOTE (RLIN) | |
| Local note | KA |
| 650 24 - SUBJECT ADDED ENTRY--TOPICAL TERM | |
| Topical term or geographic name entry element | HORSHAM PROPERTIES GROUP LTD V CLARK |
| 650 24 - SUBJECT ADDED ENTRY--TOPICAL TERM | |
| Topical term or geographic name entry element | LAW OF PROPERTY ACT 1925 |
| 651 #4 - SUBJECT ADDED ENTRY--GEOGRAPHIC NAME | |
| Geographic name | United Kingdom |
| Chronological subdivision | |
| 690 ## - LOCAL SUBJECT ADDED ENTRY--TOPICAL TERM (OCLC, RLIN) | |
| Topical term or geographic name as entry element | PROPERTY-PROPERTY FINANCE AND INVESTMENT |
| 700 1# - ADDED ENTRY--PERSONAL NAME | |
| Personal name | Oliver, Laura |
| 942 ## - ADDED ENTRY ELEMENTS (KOHA) | |
| Suppress in OPAC | 0 |
| Withdrawn status | Lost status | Source of classification or shelving scheme | Damaged status | Not for loan | Home library | Current library | Shelving location | Date acquired | Total Checkouts | Full call number | Barcode | Date last seen | Copy number | Price effective from | Koha item type |
|---|---|---|---|---|---|---|---|---|---|---|---|---|---|---|---|
| Dewey Decimal Classification | London | London | Journal article | 12/02/2009 | L146664 | 146664-1001 | 06/08/2019 | 1 | 06/08/2019 | Journal article |